LIBRARY & INFORMATION CENTRE, KCAET, TAVANUR

ONLINE PUBLIC ACCESS CATALOGUE (OPAC)

Experimental methods for engineers / (Record no. 10773)

MARC details
000 -LEADER
fixed length control field 00546cam a2200217ua 4500
020 ## - INTERNATIONAL STANDARD BOOK NUMBER
ISBN 0-07-100501-3
041 ## - LANGUAGE CODE
Language code of text/sound track or separate title eng
082 ## - DEWEY DECIMAL CLASSIFICATION NUMBER
Classification number 620.0078
Item number HOL/EX
100 ## - MAIN ENTRY--AUTHOR NAME
Personal name Holman, J.P .
245 ## - TITLE STATEMENT
Title Experimental methods for engineers /
250 ## - EDITION STATEMENT
Edition statement 5 /
260 ## - PUBLICATION, DISTRIBUTION, ETC. (IMPRINT)
Place of publication New York :
Name of publisher McGraw Hill Book Company ,
Year of publication 1989.
300 ## - PHYSICAL DESCRIPTION
Number of Pages 541 ; .
500 ## - GENERAL NOTE
General note *CSS
942 ## - ADDED ENTRY ELEMENTS (KOHA)
Koha item type Books
Holdings
Withdrawn status Lost status Damaged status Home library Current library Date acquired Full call number Accession Number Koha item type
      KAUAET KAUAET 07/04/2012 620.0078 HOL/EX 18321 Books
      KAUAET KAUAET 07/04/2012 620.0078 HOL/EX 16928 Books
      KAUAET KAUAET 07/04/2012 620.0078 HOL/EX 21243 Books
free website counter